BAFTA Award for Best Actor in a Leading Role - Statistics

General Stats
  • This quiz has been taken 46 times
  • The average score is 38 of 82
Answer Stats
Year Actor % Correct
1975 Al Pacino
89%
1954 Marlon Brando
89%
1953 Marlon Brando
89%
1952 Marlon Brando
89%
2010 Colin Firth
86%
2009 Colin Firth
86%
1983 Dustin Hoffman
86%
1969 Dustin Hoffman
86%
1983 Michael Caine
81%
1961 Paul Newman
81%
2012 Daniel Day-Lewis
73%
2007 Daniel Day-Lewis
73%
2002 Daniel Day-Lewis
73%
1989 Daniel Day-Lewis
73%
2014 Eddie Redmayne
73%
1957 Alec Guinness
70%
1955 Laurence Olivier
70%
2015 Leonardo DiCaprio
70%
1962 Peter O'Toole
70%
1993 Anthony Hopkins
65%
1991 Anthony Hopkins
65%
1976 Jack Nicholson
65%
1974 Jack Nicholson
65%
1966 Richard Burton
65%
1972 Gene Hackman
62%
1970 Robert Redford
62%
1979 Jack Lemmon
59%
1960 Jack Lemmon
59%
1959 Jack Lemmon
59%
2001 Russell Crowe
57%
1987 Sean Connery
57%
1999 Kevin Spacey
54%
1968 Spencer Tracy
51%
1982 Ben Kingsley
49%
1994 Hugh Grant
49%
2005 Philip Seymour Hoffman
49%
2016 Casey Affleck
46%
1996 Geoffrey Rush
46%
1957 Henry Fonda
46%
2004 Jamie Foxx
46%
1958 Sidney Poitier
46%
1973 Walter Matthau
43%
1981 Burt Lancaster
41%
1962 Burt Lancaster
41%
2011 Jean Dujardin
41%
1977 Peter Finch
41%
1971 Peter Finch
41%
1961 Peter Finch
41%
1960 Peter Finch
41%
1956 Peter Finch
41%
1959 Peter Sellers
41%
1985 William Hurt
41%
2006 Forest Whitaker
38%
1980 John Hurt
38%
1953 John Gielgud
35%
1967 Rod Steiger
35%
1966 Rod Steiger
35%
1967 Paul Scofield
32%
1978 Richard Dreyfuss
30%
2003 Bill Murray
27%
1998 Roberto Benigni
27%
1992 Robert Downey Jr.
24%
1955 Ernest Borgnine
22%
1986 Bob Hoskins
19%
1965 Dirk Bogarde
19%
1963 Dirk Bogarde
19%
2008 Mickey Rourke
19%
1952 Ralph Richardson
19%
2013 Chiwetel Ejiofor
16%
1965 Lee Marvin
16%
1964 Marcello Mastroianni
16%
1963 Marcello Mastroianni
16%
1958 Trevor Howard
16%
2000 Jamie Bell
14%
1995 Nigel Hawthorne
14%
1964 Richard Attenborough
11%
1988 John Cleese
8%
1954 Kenneth More
8%
1990 Philippe Noiret
8%
1997 Robert Carlyle
8%
1984 Haing S. Ngor
3%
1956 François Périer
0%
No matching quizzes found
Score Distribution
Percent of People with Each Score
Percentile by Number Answered
Your Score History
You have not taken this quiz